| 000 | 00409nam a2200169Ia 4500 | ||
|---|---|---|---|
| 008 | 151213s9999 xx 000 0 und d | ||
| 100 | _aMatz Usry | ||
| 245 |
_aCost accounting _bPlanning and control _cMatz Usry |
||
| 250 | _a8th | ||
| 260 |
_aDallas _bSouth Western |
||
| 300 | _a652 p. | ||
| 650 | _aAccounting | ||
| 650 | 0 |
_aCost Accounting _951 |
|
| 700 | _aMatz Usry | ||
| 942 |
_2ddc _cBK |
||
| 999 |
_c930 _d930 |
||